Relationship among corn yields, leaf composition and fertilizer applied (Record no. 45325)

MARC details
000 -LEADER
fixed length control field 00466nam a2200157Ia 4500
100 ## - MAIN ENTRY--AUTHOR NAME
Personal name Viets F G
245 #0 - TITLE STATEMENT
Title Relationship among corn yields, leaf composition and fertilizer applied
260 ## - PUBLICATION, DISTRIBUTION, ETC. (IMPRINT)
Name of publisher Proceedings of the Soil Science Society of America
Year of publication 1954
300 ## - PHYSICAL DESCRIPTION
Number of Pages 297-301
650 ## - SUBJECT ADDED ENTRY--TOPICAL TERM
Topical Term Fertilizer application
650 ## - SUBJECT ADDED ENTRY--TOPICAL TERM
Topical Term Leaf composition
700 ## - ADDED ENTRY--PERSONAL NAME
Personal name Crawford C I
700 ## - ADDED ENTRY--PERSONAL NAME
Personal name Nelson C E
942 ## - ADDED ENTRY ELEMENTS (KOHA)
Koha item type Reprints
Holdings
Withdrawn status Lost status Damaged status Not for loan Home library Current library Shelving location Date acquired Serial Enumeration / chronology Accession Number Koha item type
      Reprints RRII Library RRII Library Agronomy 22/12/2021 Volume 18, Issue P00049 Reprints